LEADER 01124nam a2200277 a 4500 001 000000122638 003 CaOOAMICUS 005 20100819140937.0 008 100819s2010 it u000 u ita r 020 $a978-88-8102-194-9 040 $aPUL$bita$dReb 082 04$a227 100 1 $aPenna, Romano,$d1937-$0(OLS)http://pul/name/11954 245 10$aTra la gente con il Vangelo di Paolo /$cRomano Penna. 260 $aFossano :$bEsperienze,$c[2010] 300 $a78 p. ;$c20 cm. 490 1 $aViamaestra ;$v30 600 04$aPaulus,$cs., apostolo$xCritica e interpretazione.$0(OLS)http://pul/subject/18697 830 0$aViamaestra ;$v30.$0(OLS)http://pul/title/154562 850 $aPUL 852 $aPUL$W1$xSL Religione 3$y85$m227 PENRO 2$j140865$qDDC 21$B139945$CPULBib$Z2$F139945 $H114623 $82 941 1 $a9 996 $6020$a978-88-8102-194-9$9(OLS)http://pul/number/145066 996 $6082$a227$9(OLS)http://pul/classification/522 996 $6245$aTra la gente con il Vangelo di Paolo$9(OLS)http://pul/title/154561 996 $6260$aFossano :$bEsperienze$9(OLS)http://pul/publisher/58938 LEADER 01657nam a2200325 u 4500 001 000000041949 003 CaOOAMICUS 005 20070226114254.0 008 990216s1943 it u000 u ita u 035 $a10814408 040 $aPUL(R)$bita$dPUL(R) 100 1 $aErmini, Giuseppe,$d1900-1981.$0(OLS)http://pul/name/2787 245 10$aCorso di diritto comune.$nI,$pGenesi ed evoluzione storica, elementi costitutivi, fonti /$cGiuseppe Ermini. 246 30$aGenesi ed evoluzione storica, elementi costitutivi, fonti 260 $aMilano :$bGiuffrè,$c1943. 300 $a269 p. ;$c25 cm 490 1 $aPubblicazioni dell'istituto politico-giuridico della R. Università di Perugia ;$v2 500 $aContiene indici e appendice. 504 $aBibliografia in nota. 650 4$aDiritto comune.$0(OLS)http://pul/subject/9064 830 0$aPubblicazioni dell'istituto politico-giuridico della R. Università di Perugia ;$v2.$0(OLS)http://pul/title/56605 850 $aPUL 852 $aPUL$W1$xSL Diritto e Scienze Sociali 1$y4$m182 C 41$j56761$nBK-PRI$b $qStampati$B56761$CPULBib$Z2$F56761 $H $81 852 $aPUL$W1$xDP1 Fondo Cecchetti$y53$m274 E 23$j56762$nBK-PRI$b $qFondi$B56762$CPULBib$Z2$F56762 $HPUL7008 $81 941 1 $a8 941 1 $a1 961 $aINV: 23916 996 $6245$aCorso di diritto comune.$nI,$pGenesi ed evoluzione storica, elementi costitutivi, fonti$9(OLS)http://pul/title/56603 996 $6246$aGenesi ed evoluzione storica, elementi costitutivi, fonti$9(OLS)http://pul/title/56604 996 $6260$aMilano :$bGiuffrè$9(OLS)http://pul/publisher/48401